00501nam a2200157Ia 4500082001200000100001800012245009100030250002300121260000900144300002200153650004700175650002400222650002400246650004800270710002500318 aTP.0260 aParamjit Kaur 0aStudy of conditionability for various pronouns in relation to age, sex and personality aPunjabi University c1992 a105p. + C D - 46 aCONDITIONAL REFLEXES//CONDITIONED RESPONSE aVERBAL CONDITIONING aVERBAL CONDITIONING aCONDITIONAL RESPONSE//CONDITIONED RESPONSE  aKhumar, Satnam Singh